[Event "SVR op"]
[Site "Lahnstein"]
[Date "2019.04.20"]
[Round "7"]
[White "Jung, Ludwig"]
[Black "Schroeder, Stefan1111"]
[Result "0-1"]
[WhiteElo "1701"]
[BlackElo "1735"]
[PlyCount "90"]
[EventDate "2019.04.13"]
[EventType "swiss"]
[EventRounds "7"]
[EventCountry "GER"]
[SourceTitle "EXT 2021"]
[Source "ChessBase"]
[SourceDate "2020.10.23"]
[SourceVersion "1"]
[SourceVersionDate "2020.10.23"]
[SourceQuality "1"]

1. g4 d5 2. Bg2 c6 3. h3 e5 4. d3 Bd6 5. Nf3 Ne7 6. Bg5 f6 7. Bd2 Be6 8. c3 Nd7 9. Qc2 f5 10. Ng5 Bg8 11. gxf5 Nxf5 12. h4 h6 13. Nf3 Be6 14. e4 dxe4 15. dxe4 Ne7 16. Be3 Qc7 17. Nbd2 Bc5 18. Bxc5 Nxc5 19. b4 Nd7 20. Bh3 Bxh3 21. Rxh3 0-0-0 22. 0-0-0 Nf6 23. Rhh1 Ng4 24. Nc4 b5 25. Nb2 Rxd1+ 26. Rxd1 Rf8 27. Rd3 Ng6 28. Qb3 Nf4 29. Rd2 Rd8 30. Rxd8+ Qxd8 31. Qc2 Kc7 32. a4 a6 33. Kb1 Qd6 34. a5 c5 35. Nd1 c4 36. Ne3 Nxe3 37. fxe3 Nd3 38. h5 Qf6 39. Qg2 Kd6 40. Qg6 Qxg6 41. hxg6 Ke6 42. Kc2 Nf2 43. Nd2 h5 44. Nxc4 bxc4 45. b5 Kd6 0-1

[Event "SVR op"]
[Site "Lahnstein"]
[Date "2019.04.14"]
[Round "3"]
[White "Jung, Ludwig"]
[Black "Probstfeld, Bernd"]
[Result "1/2-1/2"]
[WhiteElo "1701"]
[BlackElo "1571"]
[PlyCount "85"]
[EventDate "2019.04.13"]
[EventType "swiss"]
[EventRounds "7"]
[EventCountry "GER"]
[SourceTitle "EXT 2021"]
[Source "ChessBase"]
[SourceDate "2020.10.23"]
[SourceVersion "1"]
[SourceVersionDate "2020.10.23"]
[SourceQuality "1"]

1. e4 d6 2. d4 Nf6 3. Nc3 g6 4. Nf3 Bg7 5. Be3 0-0 6. Qd2 Nc6 7. Bh6 e5 8. Bxg7 Kxg7 9. d5 Ne7 10. Be2 a6 11. h4 h5 12. Ng5 c6 13. 0-0-0 c5 14. f4 Ng4 15. Rdf1 exf4 16. Rxf4 Ne5 17. Rhf1 Ng8 18. Nd1 Qe7 19. Ne3 b5 20. g4 hxg4 21. Bxg4 Nh6 22. Bd1 a5 23. Qf2 Ra7 24. Ne6+ Bxe6 25. dxe6 Qxe6 26. Nd5 Ng8 27. h5 g5 28. Qg2 Qh6 29. Nf6 Nxf6 30. Rxf6 Qxf6 31. Rxf6 Kxf6 32. Qf1+ Kg7 33. Qxb5 Rfa8 34. Qe2 f6 35. Qd2 Ra6 36. Qd5 R8a7 37. Be2 Rb6 38. Qe6 Rf7 39. Qf5 Ra7 40. h6+ Kxh6 41. Qxf6+ Kh7 42. Qxg5 Rab7 43. b3 1/2-1/2

[Event "Rheinland-chT Seniors 1617"]
[Site "Germany"]
[Date "2016.10.06"]
[Round "1"]
[White "Freise, Helmut"]
[Black "Jung, Ludwig"]
[Result "1-0"]
[WhiteElo "2067"]
[BlackElo "1760"]
[PlyCount "45"]
[EventDate "2016.10.06"]
[EventType "team-tourn"]
[EventRounds "7"]
[EventCountry "GER"]
[SourceTitle "EXT 2018"]
[Source "ChessBase"]
[SourceDate "2017.10.13"]
[SourceVersion "1"]
[SourceVersionDate "2017.10.13"]
[SourceQuality "1"]

1. d4 d5 2. c4 e5 3. dxe5 d4 4. Nf3 Nc6 5. a3 a5 6. b3 Bc5 7. g3 Bg4 8. Bg2 Qd7 9. 0-0 h5 10. Bg5 f6 11. exf6 gxf6 12. Bh4 Rh6 13. Nbd2 Qe6 14. b4 axb4 15. axb4 Rxa1 16. Qxa1 Bxb4 17. Nxd4 Nxd4 18. Qxd4 c5 19. Qf4 Bxd2 20. Qxd2 Bh3 21. Bd5 Qd7 22. Ra1 Kf8 23. Ra8+ 1-0

[Event "SVR-op 33rd"]
[Site "Mendig"]
[Date "2010.04.03"]
[Round "7"]
[White "Jung, Ludwig"]
[Black "Decrouppe, Johann"]
[Result "1-0"]
[WhiteElo "1634"]
[BlackElo "1716"]
[PlyCount "95"]
[EventDate "2010.03.27"]
[EventType "swiss"]
[EventRounds "7"]
[EventCountry "GER"]
[SourceTitle "EXT 2011"]
[Source "ChessBase"]
[SourceDate "2010.11.26"]
[SourceVersion "1"]
[SourceVersionDate "2010.11.26"]
[SourceQuality "1"]

1. e4 d6 2. d4 g6 3. Nf3 Bg7 4. Bc4 Nf6 5. Nc3 0-0 6. Bg5 Nbd7 7. Qd2 Nb6 8. Be2 Bg4 9. h3 Bxf3 10. gxf3 Kh8 11. Bh6 e5 12. Bxg7+ Kxg7 13. 0-0-0 Nh5 14. h4 Qf6 15. Qg5 exd4 16. Qxf6+ Kxf6 17. Rxd4 Kg7 18. a4 a6 19. a5 Nd7 20. Nd5 Rfc8 21. f4 Nhf6 22. Nxf6 Nxf6 23. e5 Ne8 24. h5 c5 25. Rd5 dxe5 26. fxe5 Rc7 27. f4 Kg8 28. h6 Kf8 29. Bg4 f5 30. Bf3 Ke7 31. Rhd1 Rb8 32. c4 Rbc8 33. R1d3 Rb8 34. Bd1 Rbc8 35. Ba4 Kf8 36. Rd7 Kg8 37. R3d5 Kf8 38. Kd2 Kg8 39. Ke3 Kf8 40. Rd2 Kg8 41. Kf2 Kf8 42. Kg3 Rxd7 43. Rxd7 Rc7 44. Rd8 Re7 45. Kh4 Kf7 46. Rb8 Kf8 47. Kg5 Kf7 48. Bxe8+ 1-0

[Event "SVR-op 33rd"]
[Site "Mendig"]
[Date "2010.03.27"]
[Round "1"]
[White "Jung, Ludwig"]
[Black "Engel, Hans Peter"]
[Result "1-0"]
[WhiteElo "1634"]
[BlackElo "1374"]
[PlyCount "43"]
[EventDate "2010.03.27"]
[EventType "swiss"]
[EventRounds "7"]
[EventCountry "GER"]
[SourceTitle "EXT 2011"]
[Source "ChessBase"]
[SourceDate "2010.11.26"]
[SourceVersion "1"]
[SourceVersionDate "2010.11.26"]
[SourceQuality "1"]

1. g4 e5 2. d3 g6 3. Bg2 Nc6 4. c3 d6 5. e4 Nf6 6. g5 Nd7 7. h4 Nb6 8. b4 a6 9. a4 Be6 10. Na3 Nd7 11. h5 Qe7 12. Nf3 0-0-0 13. b5 Ncb8 14. a5 Nc5 15. Rb1 Bd7 16. bxa6 Nbxa6 17. h6 Ne6 18. d4 Nf4 19. Bf1 Nb8 20. Qb3 Bc6 21. d5 Qd7 22. Bxf4 1-0